[Event "Pleven Bulgaria Champs (Women)"]
[Site "Pleven"]
[Date "2018.05.17"]
[Round "5"]
[White "Gocheva, Rumiana B"]
[Black "Velcheva, Maria"]
[Result "1/2-1/2"]
[WhiteElo "2059"]
[BlackElo "2233"]
[PlyCount "27"]
[EventDate "2018.05.14"]
[EventType "tourn"]
[EventRounds "9"]
[EventCountry "BUL"]
[SourceTitle "CBM 184 Extra"]
[Source "ChessBase"]
[SourceDate "2018.06.28"]
[SourceVersion "1"]
[SourceVersionDate "2018.06.28"]
[SourceQuality "1"]

1. e4 e5 2. Bc4 Nf6 3. d3 Nc6 4. Nf3 h6 5. Nbd2 g6 6. 0-0 Bg7 7. c3 d6 8. Bb3 0-0 9. h3 Qe7 10. Nc4 Kh7 11. Bc2 Be6 12. Ne3 d5 13. Re1 dxe4 14. dxe4 1/2-1/2

[Event "Albena op-B"]
[Site "Albena"]
[Date "2015.06.25"]
[Round "9"]
[White "Velcheva, Maria"]
[Black "Gochev, Plamen"]
[Result "1-0"]
[WhiteElo "2224"]
[BlackElo "1830"]
[PlyCount "75"]
[EventDate "2015.06.17"]
[EventType "swiss"]
[EventRounds "9"]
[EventCountry "BUL"]
[SourceTitle "CBM 167 Extra"]
[Source "ChessBase"]
[SourceDate "2015.09.14"]
[SourceVersion "1"]
[SourceVersionDate "2015.09.14"]
[SourceQuality "1"]

1. e4 c6 2. d4 d5 3. Nc3 dxe4 4. Nxe4 Nf6 5. Nxf6+ exf6 6. Nf3 Bd6 7. Be2 0-0 8. 0-0 Re8 9. c4 Nd7 10. Bd3 Nf8 11. h3 Ng6 12. Qc2 Qc7 13. Bd2 Bd7 14. Rfe1 Rad8 15. b4 Qc8 16. Rxe8+ Rxe8 17. Re1 Rxe1+ 18. Bxe1 Bxh3 19. gxh3 Qxh3 20. Bxg6 Qg4+ 21. Kf1 fxg6 22. Qd3 h5 23. d5 cxd5 24. Qxd5+ Kh7 25. Qxd6 Qxf3 26. Qd8 Qh3+ 27. Ke2 h4 28. Qd4 f5 29. Qf4 Qh1 30. f3 Qg2+ 31. Bf2 g5 32. Qxf5+ Kh6 33. Qg4 Qh1 34. Qe6+ Kh7 35. Qf5+ Kh6 36. f4 gxf4 37. Qxf4+ Kg6 38. Qg4+ 1-0

[Event "Albena op-B"]
[Site "Albena"]
[Date "2015.06.24"]
[Round "8"]
[White "Danov, Lyubomir"]
[Black "Velcheva, Maria"]
[Result "1-0"]
[WhiteElo "2246"]
[BlackElo "2224"]
[PlyCount "97"]
[EventDate "2015.06.17"]
[EventType "swiss"]
[EventRounds "9"]
[EventCountry "BUL"]
[SourceTitle "CBM 167 Extra"]
[Source "ChessBase"]
[SourceDate "2015.09.14"]
[SourceVersion "1"]
[SourceVersionDate "2015.09.14"]
[SourceQuality "1"]

1. e4 e5 2. Nf3 Nc6 3. Bc4 Nf6 4. d3 Be7 5. 0-0 d6 6. Re1 0-0 7. c3 Na5 8. Bb5 a6 9. Ba4 b5 10. Bc2 c5 11. Nbd2 Re8 12. Nf1 h6 13. d4 cxd4 14. cxd4 Qc7 15. d5 Bf8 16. h3 Bd7 17. Ne3 Rec8 18. Bd2 g6 19. b3 Nh5 20. Rc1 Qd8 21. Bb1 Nf4 22. Rxc8 Rxc8 23. Ng4 Bg7 24. Bxf4 exf4 25. e5 Bxg4 26. hxg4 dxe5 27. Nxe5 Rc5 28. Nxf7 Kxf7 29. Qe2 Qd7 30. b4 Rxd5 31. bxa5 Re5 32. Be4 Bf6 33. Qf3 Qd2 34. Rd1 Qxa5 35. Qd3 Qc7 36. Bxg6+ Kf8 37. Bh5 Qe7 38. Kf1 Re4 39. Qd5 Qe6 40. Qb7 Bd4 41. Qb8+ Kg7 42. Qc7+ Kf8 43. g5 hxg5 44. Bf3 Qxa2 45. Rxd4 Rxd4 46. Qc5+ Kf7 47. Bh5+ Ke6 48. Bg4+ Kf7 49. Qxd4 1-0

[Event "Albena op-B"]
[Site "Albena"]
[Date "2015.06.23"]
[Round "7"]
[White "Velcheva, Maria"]
[Black "Abdulla, Murad"]
[Result "1-0"]
[WhiteElo "2224"]
[BlackElo "1994"]
[PlyCount "71"]
[EventDate "2015.06.17"]
[EventType "swiss"]
[EventRounds "9"]
[EventCountry "BUL"]
[SourceTitle "CBM 167 Extra"]
[Source "ChessBase"]
[SourceDate "2015.09.14"]
[SourceVersion "1"]
[SourceVersionDate "2015.09.14"]
[SourceQuality "1"]

1. e4 c5 2. Nf3 Nc6 3. Nc3 g6 4. Bc4 Bg7 5. 0-0 d6 6. d3 Nf6 7. h3 0-0 8. a3 a6 9. Be3 b5 10. Ba2 Qc7 11. Qd2 Bb7 12. Ne2 Rac8 13. Bh6 e6 14. Ng3 Nd4 15. Nh4 Bxh6 16. Qxh6 Nxc2 17. Rac1 Nd4 18. f4 d5 19. e5 Ne8 20. f5 exf5 21. Nhxf5 Ne6 22. Rce1 N8g7 23. Nd6 Rcd8 24. Rf2 Rxd6 25. exd6 Qxd6 26. Qh4 Qc6 27. Rf6 c4 28. d4 Qc7 29. Bb1 Qa5 30. Ref1 Qd2 31. Kh1 Qxb2 32. Nf5 Qxa3 33. Nh6+ Kh8 34. Nxf7+ Rxf7 35. Rxf7 Kg8 36. Qf6 1-0

[Event "BUL-chT (Women) 48th"]
[Site "Sunny Beach"]
[Date "2015.06.06"]
[Round "7.1"]
[White "Zlatanova, Emilia"]
[Black "Velcheva, Maria"]
[Result "1/2-1/2"]
[WhiteElo "1988"]
[BlackElo "2224"]
[PlyCount "79"]
[EventDate "2015.05.31"]
[EventType "team-tourn"]
[EventRounds "7"]
[EventCountry "BUL"]
[SourceTitle "CBM 166 Extra"]
[Source "ChessBase"]
[SourceDate "2015.06.18"]
[SourceVersion "1"]
[SourceVersionDate "2015.06.18"]
[SourceQuality "1"]
[WhiteTeam "Pernik Krakra Pernishki (W)"]
[BlackTeam "Sofia Shah XXI (W)"]
[WhiteTeamCountry "BUL"]
[BlackTeamCountry "BUL"]

1. e4 e5 2. Nf3 Nc6 3. Bb5 g6 4. Bxc6 dxc6 5. d4 exd4 6. Qxd4 Qxd4 7. Nxd4 Bg7 8. Ne2 Be6 9. Nbc3 Bc4 10. Bd2 0-0-0 11. 0-0-0 Ne7 12. Bg5 f6 13. Be3 f5 14. Rxd8+ Rxd8 15. Re1 fxe4 16. Nxe4 Nf5 17. Bd2 b6 18. b3 Ba6 19. g3 c5 20. Nf4 Bh6 21. Nf6 Nd4 22. Re8 Ne2+ 23. Kb2 Bg7 24. Rxd8+ Kxd8 25. Ne6+ Ke7 26. Nxg7 Kxf6 27. Ne8+ Ke5 28. Nxc7 Bb7 29. Nb5 a6 30. f4+ Ke6 31. Nc3 Nxc3 32. Bxc3 Be4 33. Be5 b5 34. c4 bxc4 35. bxc4 Bd3 36. Kc3 Be2 37. a4 Kd7 38. a5 Kc6 39. Bg7 h5 40. Bf8 1/2-1/2

[Event "BUL-chT (Women) 47th"]
[Site "Sunny Beach"]
[Date "2014.09.23"]
[Round "5.1"]
[White "Velcheva, Maria"]
[Black "Daulyte Cornette, Deimante"]
[Result "1/2-1/2"]
[WhiteElo "2229"]
[BlackElo "2365"]
[PlyCount "43"]
[EventDate "2014.09.19"]
[EventType "team-tourn"]
[EventRounds "7"]
[EventCountry "BUL"]
[SourceTitle "EXT 2015"]
[Source "ChessBase"]
[SourceDate "2014.11.20"]
[SourceVersion "1"]
[SourceVersionDate "2014.11.20"]
[SourceQuality "1"]
[WhiteTeam "Sofia Shah XXI (W)"]
[BlackTeam "Sofia CSKA (W)"]
[WhiteTeamCountry "BUL"]
[BlackTeamCountry "BUL"]

1. e4 c5 2. Nf3 Nc6 3. d4 cxd4 4. Nxd4 e5 5. Nb5 d6 6. c4 Be7 7. N1c3 a6 8. Na3 Be6 9. Bd3 Bg5 10. 0-0 Bxc1 11. Qxc1 Nf6 12. Nc2 0-0 13. b3 Rc8 14. Qd2 Qb6 15. Rfd1 Rfd8 16. Be2 Ne7 17. Bf3 h6 18. Ne3 Nc6 19. Nc2 Ne7 20. Ne3 Nc6 21. Nc2 Ne7 22. Ne3 1/2-1/2

[Event "BUL-chT (Women) 47th"]
[Site "Sunny Beach"]
[Date "2014.09.21"]
[Round "3.1"]
[White "Velcheva, Maria"]
[Black "Maneva, Ani"]
[Result "1-0"]
[WhiteElo "2229"]
[BlackElo "1893"]
[PlyCount "85"]
[EventDate "2014.09.19"]
[EventType "team-tourn"]
[EventRounds "7"]
[EventCountry "BUL"]
[SourceTitle "EXT 2015"]
[Source "ChessBase"]
[SourceDate "2014.11.20"]
[SourceVersion "1"]
[SourceVersionDate "2014.11.20"]
[SourceQuality "1"]
[WhiteTeam "Sofia Shah XXI (W)"]
[BlackTeam "Pernik Krakra Pernishki (W)"]
[WhiteTeamCountry "BUL"]
[BlackTeamCountry "BUL"]

1. e4 d5 2. exd5 Qxd5 3. Nc3 Qa5 4. d4 Nf6 5. Bc4 c6 6. Nf3 Bg4 7. h3 Bxf3 8. Qxf3 e6 9. 0-0 Bd6 10. Ne4 Be7 11. c3 Nd5 12. Qg3 Rg8 13. Bg5 Qc7 14. Bxd5 Qxg3 15. Bxc6+ Nxc6 16. fxg3 f6 17. Bf4 0-0-0 18. g4 Rge8 19. Rad1 Bf8 20. g5 f5 21. Nf2 Ne7 22. Nd3 Nd5 23. Rde1 b6 24. Re2 Nxf4 25. Nxf4 Rd6 26. Rfe1 Kd7 27. d5 g6 28. Rxe6 Rexe6 29. Nxe6 Be7 30. c4 b5 31. b3 Ra6 32. Re2 bxc4 33. bxc4 Ra3 34. c5 Rc3 35. d6 Bd8 36. Nxd8 Kxd8 37. Re7 a6 38. Rxh7 Rxc5 39. Rg7 f4 40. Rxg6 Ra5 41. h4 Rxa2 42. h5 Re2 43. h6 1-0

[Event "BUL-chT (Women) 47th"]
[Site "Sunny Beach"]
[Date "2014.09.20"]
[Round "2.1"]
[White "Petkova, Veneta"]
[Black "Velcheva, Maria"]
[Result "1/2-1/2"]
[WhiteElo "1980"]
[BlackElo "2229"]
[PlyCount "61"]
[EventDate "2014.09.19"]
[EventType "team-tourn"]
[EventRounds "7"]
[EventCountry "BUL"]
[SourceTitle "EXT 2015"]
[Source "ChessBase"]
[SourceDate "2014.11.20"]
[SourceVersion "1"]
[SourceVersionDate "2014.11.20"]
[SourceQuality "1"]
[WhiteTeam "V Tarnovo Etar (W)"]
[BlackTeam "Sofia Shah XXI (W)"]
[WhiteTeamCountry "BUL"]
[BlackTeamCountry "BUL"]

1. Nf3 d5 2. d4 Nf6 3. c4 e6 4. g3 dxc4 5. Qa4+ Bd7 6. Qxc4 Bc6 7. Bg2 Nbd7 8. e3 Nb6 9. Qe2 a6 10. Nc3 Bb4 11. Bd2 0-0 12. Rc1 Qd6 13. 0-0 Bxc3 14. bxc3 Be4 15. c4 c5 16. Bc3 Na4 17. Ba1 Rac8 18. Rfd1 cxd4 19. Bxd4 Qe7 20. Ne5 Bxg2 21. Kxg2 Rfd8 22. h4 b6 23. Qf3 Qc7 24. g4 Nc5 25. g5 Nfe4 26. Kh3 Nd6 27. Ng4 Nce4 28. Rg1 Qc6 29. Qf4 Nf5 30. Ba1 Nd2 31. Rgd1 1/2-1/2

[Event "Golden Sands Europe op 3rd"]
[Site "Golden Sands"]
[Date "2014.06.15"]
[Round "6"]
[White "Velcheva, Maria"]
[Black "Stefanov, Evtim"]
[Result "1-0"]
[WhiteElo "2248"]
[BlackElo "1986"]
[PlyCount "55"]
[EventDate "2014.06.10"]
[EventType "swiss"]
[EventRounds "9"]
[EventCountry "BUL"]
[SourceTitle "CBM 160 Extra"]
[Source "ChessBase"]
[SourceDate "2014.07.01"]
[SourceVersion "1"]
[SourceVersionDate "2014.07.01"]
[SourceQuality "1"]

1. e4 c5 2. Nf3 e6 3. d4 cxd4 4. Nxd4 a6 5. Bd3 Nf6 6. 0-0 Qc7 7. Qe2 d6 8. c4 Be7 9. Nc3 0-0 10. Be3 b6 11. Rac1 Bb7 12. f3 Nbd7 13. a3 Rac8 14. b4 Qb8 15. Na4 Rfe8 16. Qf2 d5 17. cxd5 exd5 18. Rxc8 Rxc8 19. Nf5 Bd8 20. exd5 Nxd5 21. Bd4 b5 22. Nc5 Nxc5 23. bxc5 Bc7 24. Qh4 Be5 25. Re1 Bxd4+ 26. Qxd4 f6 27. Nd6 Rd8 28. Qe4 1-0

[Event "BUL-chT (Women) 46th"]
[Site "Sunny Beach"]
[Date "2013.09.24"]
[Round "6.2"]
[White "Pionova, Sonja"]
[Black "Velcheva, Maria"]
[Result "0-1"]
[WhiteElo "2058"]
[BlackElo "2268"]
[PlyCount "100"]
[EventDate "2013.09.19"]
[EventType "team-tourn"]
[EventRounds "7"]
[EventCountry "BUL"]
[SourceTitle "CBM 156 Extra"]
[Source "ChessBase"]
[SourceDate "2013.10.22"]
[SourceVersion "1"]
[SourceVersionDate "2013.10.22"]
[SourceQuality "1"]
[WhiteTeam "Blagoevgrad Victory (W)"]
[BlackTeam "Sofia Shah XXI (W)"]
[WhiteTeamCountry "BUL"]
[BlackTeamCountry "BUL"]

1. d4 d5 2. Nf3 Nf6 3. g3 e6 4. Bg2 c5 5. c3 Nc6 6. 0-0 Be7 7. b3 0-0 8. Bb2 Qc7 9. Nbd2 e5 10. dxe5 Nxe5 11. Qc2 Nxf3+ 12. Bxf3 c4 13. bxc4 dxc4 14. a4 Be6 15. Rfb1 Rad8 16. Bc1 b6 17. Nf1 Nd7 18. a5 Nc5 19. axb6 axb6 20. Nd2 Nb3 21. Nxb3 cxb3 22. Rxb3 Bxb3 23. Qxb3 Bf6 24. Ra3 Rc8 25. Bd2 Rfd8 26. Ra2 Qc4 27. Qb1 b5 28. Be1 b4 29. Be4 bxc3 30. Bxh7+ Kf8 31. Bd3 Rxd3 32. exd3 c2 33. Qb4+ Qxb4 34. Bxb4+ Ke8 35. Bd2 c1Q+ 36. Bxc1 Rxc1+ 37. Kg2 Rd1 38. Re2+ Kd7 39. Re3 Bd4 40. Rf3 Ke6 41. h4 f5 42. h5 Ke5 43. Kh3 Rh1+ 44. Kg2 Rxh5 45. Kg1 g5 46. Kg2 Rh8 47. Kg1 Rb8 48. Kg2 Rb3 49. g4 fxg4 50. Rg3 Kf4 0-1

[Event "BUL-chT (Women) 46th"]
[Site "Sunny Beach"]
[Date "2013.09.19"]
[Round "1.2"]
[White "Voiska, Margarita"]
[Black "Velcheva, Maria"]
[Result "1/2-1/2"]
[WhiteElo "2275"]
[BlackElo "2268"]
[PlyCount "61"]
[EventDate "2013.09.19"]
[EventType "team-tourn"]
[EventRounds "7"]
[EventCountry "BUL"]
[SourceTitle "CBM 156 Extra"]
[Source "ChessBase"]
[SourceDate "2013.10.22"]
[SourceVersion "1"]
[SourceVersionDate "2013.10.22"]
[SourceQuality "1"]
[WhiteTeam "Plovdiv Lokomotiv (W)"]
[BlackTeam "Sofia Shah XXI (W)"]
[WhiteTeamCountry "BUL"]
[BlackTeamCountry "BUL"]

1. d4 d5 2. c4 c6 3. Nf3 Nf6 4. e3 Bf5 5. Nc3 e6 6. Bd3 Bxd3 7. Qxd3 Nbd7 8. 0-0 Be7 9. e4 dxe4 10. Nxe4 Nxe4 11. Qxe4 0-0 12. b3 Qc7 13. Bb2 Bf6 14. Rad1 Rfd8 15. h3 h6 16. Rfe1 c5 17. Qe2 cxd4 18. Bxd4 a6 19. Rd2 Bxd4 20. Rxd4 Nf6 21. Red1 Rxd4 22. Rxd4 Rd8 23. Qd2 Rxd4 24. Qxd4 Nd7 25. Nd2 Nf6 26. Nf3 Nd7 27. Nd2 Nf6 28. Ne4 Nxe4 29. Qxe4 Qd7 30. g3 g6 31. h4 1/2-1/2

[Event "Golden Sands Europe op 2nd"]
[Site "Golden Sands"]
[Date "2013.06.17"]
[Round "8"]
[White "Karthikeyan, Murali"]
[Black "Velcheva, Maria"]
[Result "1-0"]
[WhiteElo "2435"]
[BlackElo "2262"]
[PlyCount "127"]
[EventDate "2013.06.10"]
[EventType "swiss"]
[EventRounds "9"]
[EventCountry "BUL"]
[SourceTitle "CBM 154 Extra"]
[Source "ChessBase"]
[SourceDate "2013.06.25"]
[SourceVersion "2"]
[SourceVersionDate "2013.06.25"]
[SourceQuality "1"]

1. e4 c5 2. Nf3 e6 3. d4 cxd4 4. Nxd4 Nc6 5. Nc3 Qc7 6. Be2 a6 7. 0-0 Nf6 8. Be3 Bb4 9. Na4 Be7 10. Nxc6 bxc6 11. Nb6 Rb8 12. Nxc8 Qxc8 13. e5 Nd5 14. Bc1 c5 15. Qd3 0-0 16. Qxa6 Qc7 17. f4 f6 18. exf6 Rxf6 19. g3 Nb4 20. Qa4 d5 21. c3 Nc6 22. Qc2 Qb6 23. Kh1 c4 24. Rb1 Rff8 25. Bd2 Qc5 26. Bg4 Qd6 27. b3 cxb3 28. axb3 Bf6 29. Rbe1 Rfe8 30. Bf3 Qc5 31. Qd3 d4 32. c4 Nb4 33. Qe4 g6 34. Ra1 Qd6 35. Ra4 Rb6 36. Rc1 Qc5 37. Rca1 Rbb8 38. Ra8 Qd6 39. c5 Qxc5 40. Rxb8 Rxb8 41. Qxe6+ Kg7 42. Re1 Rd8 43. g4 Rd6 44. Qe4 Nc2 45. Qb7+ Kf8 46. Rf1 Kg8 47. g5 Bd8 48. Qe4 Ne3 49. Rc1 Qb6 50. Qe8+ Kg7 51. Qe5+ Kf8 52. Qh8+ Kf7 53. Qxh7+ Kf8 54. b4 Nf5 55. Qh8+ Ke7 56. Re1+ Kd7 57. Qe8+ Kc7 58. Rc1+ Kb8 59. Ra1 Kc7 60. Qa4 Kc8 61. Rc1+ Bc7 62. b5 Ne7 63. Qa5 Rc6 64. Rxc6 1-0

[Event "Golden Sands Europe op 2nd"]
[Site "Golden Sands"]
[Date "2013.06.13"]
[Round "4"]
[White "Gagare, Shardul"]
[Black "Velcheva, Maria"]
[Result "1-0"]
[WhiteElo "2407"]
[BlackElo "2262"]
[PlyCount "82"]
[EventDate "2013.06.10"]
[EventType "swiss"]
[EventRounds "9"]
[EventCountry "BUL"]
[SourceTitle "CBM 154 Extra"]
[Source "ChessBase"]
[SourceDate "2013.06.25"]
[SourceVersion "2"]
[SourceVersionDate "2013.06.25"]
[SourceQuality "1"]

1. c4 e5 2. g3 Nf6 3. Bg2 d5 4. cxd5 Nxd5 5. Nc3 Nb6 6. Nf3 Nc6 7. 0-0 Be7 8. a3 0-0 9. b4 Be6 10. Rb1 f6 11. d3 a5 12. b5 Nd4 13. Nd2 Bd5 14. Nxd5 Nxd5 15. Bb2 a4 16. Bxd4 exd4 17. Qc2 Nc3 18. Bxb7 Rb8 19. Bc6 Nxe2+ 20. Kg2 Nc3 21. Ra1 f5 22. Nb1 Bf6 23. Nxc3 dxc3 24. Qxa4 Qxd3 25. Rad1 Qe2 26. Rfe1 Qb2 27. Rb1 Qa2 28. Ra1 Qf7 29. Qf4 g6 30. a4 Rbd8 31. Rad1 c2 32. Rc1 Rd4 33. Qf3 Qc4 34. Re2 Rd1 35. Rcxc2 Qxa4 36. Red2 Rxd2 37. Rxd2 Qb4 38. Rd7 f4 39. g4 Qa4 40. g5 Bc3 41. Bd5+ Kh8 1-0

[Event "Golden Sands Europe op 1st"]
[Site "Golden Sands"]
[Date "2012.06.11"]
[Round "8"]
[White "Bozov, Ahmet"]
[Black "Velcheva, Maria"]
[Result "0-1"]
[WhiteElo "2095"]
[BlackElo "2269"]
[PlyCount "94"]
[EventDate "2012.06.04"]
[EventType "swiss"]
[EventRounds "9"]
[EventCountry "BUL"]
[SourceTitle "CBM 148 Extra"]
[Source "ChessBase"]
[SourceDate "2012.06.22"]
[SourceVersion "1"]
[SourceVersionDate "2012.06.22"]
[SourceQuality "1"]

1. e4 c5 2. Nf3 e6 3. d4 cxd4 4. Nxd4 Nc6 5. Be3 Nf6 6. Bd3 Qc7 7. 0-0 a6 8. Nc3 Ne5 9. h3 Bc5 10. Be2 d6 11. a3 0-0 12. Qd2 b5 13. f4 Ng6 14. Nb3 b4 15. axb4 Bxb4 16. Qd4 Bxc3 17. bxc3 Bb7 18. Bd3 a5 19. Bd2 Nxf4 20. Ra4 e5 21. Qe3 Bc6 22. Rc4 Qb7 23. Ra1 a4 24. Nc1 a3 25. Rb4 Qd7 26. c4 N6h5 27. Na2 f5 28. Nc3 fxe4 29. Bxe4 Bxe4 30. Nxe4 a2 31. Kh2 Qe6 32. g4 Nf6 33. Ng3 Qd7 34. Qb3 Qc6 35. Bxf4 exf4 36. Nf5 Rfe8 37. c5+ Kh8 38. Qd3 dxc5 39. Rxf4 Rad8 40. Qf3 Rd2+ 41. Kg1 Qxf3 42. Rxf3 Rxc2 43. Ra3 g6 44. Ne3 Rb2 45. Nf1 Ree2 46. g5 Ne4 47. h4 Kg8 0-1

[Event "Golden Sands Europe op 1st"]
[Site "Golden Sands"]
[Date "2012.06.08"]
[Round "5"]
[White "Velcheva, Maria"]
[Black "Anev, Asen"]
[Result "1-0"]
[WhiteElo "2269"]
[BlackElo "2035"]
[PlyCount "107"]
[EventDate "2012.06.04"]
[EventType "swiss"]
[EventRounds "9"]
[EventCountry "BUL"]
[SourceTitle "CBM 148 Extra"]
[Source "ChessBase"]
[SourceDate "2012.06.22"]
[SourceVersion "1"]
[SourceVersionDate "2012.06.22"]
[SourceQuality "1"]

1. e4 c5 2. Nf3 Nc6 3. d4 cxd4 4. Nxd4 e5 5. Nb5 d6 6. c4 f5 7. N1c3 a6 8. Bg5 Qxg5 9. Nc7+ Kd8 10. Nxa8 Nf6 11. Nb6 fxe4 12. Nxc8 Kxc8 13. g3 Be7 14. Bg2 e3 15. 0-0 exf2+ 16. Rxf2 Ng4 17. Bh3 h5 18. Nd5 Bf6 19. Bxg4+ hxg4 20. Nxf6 gxf6 21. Qxd6 Nd4 22. Qxf6 Qxf6 23. Rxf6 Nf3+ 24. Rxf3 gxf3 25. Re1 f2+ 26. Kxf2 Rxh2+ 27. Kf3 Rxb2 28. g4 Kd7 29. Rxe5 Rxa2 30. g5 Ra1 31. Kf4 Rc1 32. c5 Rf1+ 33. Ke4 a5 34. g6 Rg1 35. Kf5 Rf1+ 36. Kg5 Rf8 37. g7 Rg8 38. Kf6 Kc6 39. Kf7 Rxg7+ 40. Kxg7 a4 41. Kf6 a3 42. Re3 Kxc5 43. Rxa3 b5 44. Ke5 b4 45. Ra8 Kc4 46. Ke4 Kc3 47. Rc8+ Kd2 48. Rb8 Kc3 49. Ke3 b3 50. Rc8+ Kb2 51. Kd2 Kb1 52. Kc3 b2 53. Rb8 Ka1 54. Kc2 1-0

[Event "Golden Sands Europe op 1st"]
[Site "Golden Sands"]
[Date "2012.06.05"]
[Round "2"]
[White "Popchev, Milko"]
[Black "Velcheva, Maria"]
[Result "1-0"]
[WhiteElo "2450"]
[BlackElo "2269"]
[PlyCount "95"]
[EventDate "2012.06.04"]
[EventType "swiss"]
[EventRounds "9"]
[EventCountry "BUL"]
[SourceTitle "CBM 148 Extra"]
[Source "ChessBase"]
[SourceDate "2012.06.22"]
[SourceVersion "1"]
[SourceVersionDate "2012.06.22"]
[SourceQuality "1"]

1. Nc3 d5 2. e4 d4 3. Nce2 c5 4. Ng3 Nc6 5. Nf3 g6 6. Bc4 Bg7 7. 0-0 e6 8. a3 Nge7 9. d3 0-0 10. Ne1 h6 11. f4 Kh7 12. Nf3 f5 13. Qe2 Qd6 14. Bd2 Bd7 15. Rae1 Rae8 16. Bb3 b5 17. Ne5 Nxe5 18. fxe5 Bxe5 19. exf5 Bxg3 20. fxg6+ Nxg6 21. hxg3 Qxg3 22. Qe4 Rf5 23. Qb7 Rxf1+ 24. Rxf1 Re7 25. Qe4 Qe5 26. Qf3 Rg7 27. Qh3 h5 28. Rf2 h4 29. Qg4 Qg3 30. Qh5+ Kg8 31. Qxc5 h3 32. Qxd4 Nh4 33. Qf4 hxg2 34. Bc3 Qxf4 35. Rxf4 Rh7 36. Be1 Ng6 37. Rg4 Kf7 38. Rxg2 Kf6 39. Rh2 Rg7 40. Kf2 e5 41. Ke3 Nf4 42. Ba5 Kf5 43. Kd2 e4 44. Rf2 Bc6 45. Bb4 Rg3 46. Bc5 Kg4 47. Bxa7 exd3 48. Rxf4+ 1-0

[Event "Olympiad Women-39"]
[Site "Khanty-Mansiysk"]
[Date "2010.09.22"]
[Round "2.24"]
[White "Velcheva, Maria"]
[Black "Romero Echeverria, Abigail"]
[Result "1/2-1/2"]
[WhiteElo "2272"]
[BlackElo "2058"]
[PlyCount "114"]
[EventDate "2010.09.21"]
[EventType "team-swiss"]
[EventRounds "11"]
[EventCountry "RUS"]
[SourceTitle "CBM 139"]
[Source "ChessBase"]
[SourceDate "2010.11.18"]
[SourceVersion "1"]
[SourceVersionDate "2010.11.18"]
[SourceQuality "1"]
[WhiteTeam "Bulgaria (W)"]
[BlackTeam "Ecuador (W)"]
[WhiteTeamCountry "BUL"]
[BlackTeamCountry "ECU"]

1. e4 c5 2. Nf3 e6 3. d4 cxd4 4. Nxd4 a6 5. c4 Nf6 6. Nc3 Bb4 7. Bd3 Nc6 8. Be3 Qc7 9. Nxc6 dxc6 10. 0-0 e5 11. Na4 Bd6 12. c5 Be7 13. Nb6 Rb8 14. Nxc8 Rxc8 15. f3 0-0 16. b4 Rcd8 17. Qb3 h6 18. Bc4 Nh7 19. f4 Nf6 20. Rae1 Ng4 21. Bc1 b5 22. Be2 Nf6 23. fxe5 Qxe5 24. Bf3 Qd4+ 25. Be3 Qd3 26. Qb2 Rfe8 27. Bf2 Qd2 28. Qa3 Qd7 29. Rd1 Qe6 30. Rxd8 Rxd8 31. Re1 Rd2 32. Qxa6 Rxa2 33. Qb7 Bf8 34. e5 Nd5 35. h3 Nxb4 36. Bg4 Qe7 37. Qxe7 Bxe7 38. e6 Nd3 39. exf7+ Kf8 40. Re2 Rxe2 41. Bxe2 Nxf2 42. Kxf2 Bxc5+ 43. Ke1 Kxf7 44. Bf3 Bb4+ 45. Ke2 c5 46. Bc6 Ke6 47. Bxb5 Ke5 48. Kd3 Kf4 49. Bc6 g5 50. Bf3 Kg3 51. Bd5 h5 52. Bf3 g4 53. hxg4 hxg4 54. Bd5 Kf4 55. Bc6 Kg3 56. Bd5 Kf4 57. Bc6 Kg3 1/2-1/2

[Event "BUL-chT-A (Women) 43th"]
[Site "Albena"]
[Date "2010.05.28"]
[Round "2.3"]
[White "Zaiatz, Elena"]
[Black "Velcheva, Maria"]
[Result "1-0"]
[WhiteElo "2392"]
[BlackElo "2266"]
[PlyCount "71"]
[EventDate "2010.05.27"]
[EventType "team-tourn"]
[EventRounds "7"]
[EventCountry "BUL"]
[SourceTitle "CBM 136 Extra"]
[Source "ChessBase"]
[SourceDate "2010.07.02"]
[SourceVersion "2"]
[SourceVersionDate "2010.07.15"]
[SourceQuality "1"]
[WhiteTeam "Sofia CSKA (W)"]
[BlackTeam "Sofia Shah XXI (W)"]
[WhiteTeamCountry "BUL"]
[BlackTeamCountry "BUL"]

1. d4 d5 2. c4 c6 3. Nc3 Nf6 4. Nf3 dxc4 5. a4 Bf5 6. Nh4 Bc8 7. e3 e6 8. Bxc4 Bb4 9. Nf3 0-0 10. 0-0 Nbd7 11. Qc2 Qe7 12. Ne2 e5 13. Ng3 g6 14. e4 exd4 15. Bg5 Qc5 16. Rac1 Ng4 17. Qd1 Qa5 18. h3 Nge5 19. Nxe5 Nxe5 20. Bf6 Be6 21. Bxe5 Qxe5 22. f4 Qd6 23. e5 Qd7 24. f5 gxf5 25. Rf4 Be7 26. Qh5 Kh8 27. Bd3 Rg8 28. Rxf5 Rg7 29. Rf6 Bxf6 30. exf6 Rg6 31. Ne2 Rag8 32. Nf4 Qd6 33. Rf1 c5 34. Qh4 Qe5 35. Bxg6 fxg6 36. Re1 1-0

[Event "BUL-chT (Women) 42th"]
[Site "Sunny Beach"]
[Date "2009.05.09"]
[Round "2.3"]
[White "Velcheva, Maria"]
[Black "Genova, Liubka"]
[Result "1-0"]
[WhiteElo "2254"]
[BlackElo "2221"]
[PlyCount "129"]
[EventDate "2009.05.08"]
[EventType "team-tourn"]
[EventRounds "7"]
[EventCountry "BUL"]
[SourceTitle "CBM 130 Extra"]
[Source "ChessBase"]
[SourceDate "2009.07.02"]
[SourceVersion "2"]
[SourceVersionDate "2009.07.15"]
[SourceQuality "1"]
[WhiteTeam "Sofia Shah XXI (W)"]
[BlackTeam "Sofia Lokomotiv (W)"]
[WhiteTeamCountry "BUL"]
[BlackTeamCountry "BUL"]

1. e4 c5 2. Nf3 e6 3. d4 cxd4 4. Nxd4 Nc6 5. Nc3 a6 6. Be2 Qc7 7. 0-0 Nf6 8. Kh1 Bb4 9. Nxc6 bxc6 10. f4 d5 11. e5 Nd7 12. Na4 Nb6 13. Nxb6 Qxb6 14. Bd3 g6 15. Qf3 Bc5 16. c3 a5 17. Rb1 Ba6 18. b4 axb4 19. cxb4 Bd4 20. Rd1 0-0 21. a4 Bxd3 22. Qxd3 Bf2 23. a5 Qa6 24. Qxa6 Rxa6 25. Rb2 Bh4 26. Bd2 Rb8 27. Rdb1 Rb5 28. Be3 Bd8 29. Kg1 Kf8 30. Kf1 Ke8 31. Ke2 h5 32. Kd3 Kd7 33. Bd4 Bc7 34. g3 Rb8 35. Ra1 Rb5 36. Rc1 Ra8 37. Rcc2 Bd8 38. Bc5 Bc7 39. h3 Rbb8 40. Ra2 Ra6 41. g4 Rh8 42. Rh2 Bd8 43. Raf2 Bh4 44. Rf3 Be7 45. Rc2 hxg4 46. hxg4 Rh4 47. Bxe7 Kxe7 48. Rg3 Kd7 49. Kd4 Ra8 50. Rgc3 Ra6 51. b5 Rxa5 52. bxc6+ Kc7 53. Rb3 Ra7 54. Kc5 Rxg4 55. Rcb2 Ra5+ 56. Rb5 Rxb5+ 57. Rxb5 Rxf4 58. Rb7+ Kc8 59. Kd6 Rc4 60. Rxf7 Kb8 61. Rf8+ Ka7 62. c7 d4 63. c8Q Rxc8 64. Rxc8 d3 65. Rc1 1-0